000
00387nam a2200169Ia 4500
008
240830s2000 xx 000 0 und d
041
_a
eng
082
_a
617/ELL
100
_a
ELLIS BRAIN
245
_a
HAMILTON BAILEYS EMERGENCY SURGERY
250
_a
13 TH
260
_a
LONDON
_b
ARNOLD
_c
2000
300
_a
804p
650
_a
SURGERY
906
_a
N.D.
999
_c
1198711
_d
1198711